The Real Estate Market in the United States of America (Record no. 121664)

MARC details
000 -LEADER
fixed length control field 00855cam a2200181 4500
008 - FIXED-LENGTH DATA ELEMENTS--GENERAL INFORMATION
fixed length control field 230912t1979 xxk||||| |||| 00| 0 eng d
041 ## - LANGUAGE CODE
Language code of text/sound track or separate title eng
050 ## - LIBRARY OF CONGRESS CALL NUMBER
Classification number 333.330973
110 ## - MAIN ENTRY--CORPORATE NAME
Corporate name or jurisdiction name as entry element Debenham Tewson and Chinnocks
9 (RLIN) 3135
245 ## - TITLE STATEMENT
Title The Real Estate Market in the United States of America
260 ## - PUBLICATION, DISTRIBUTION, ETC.
Place of publication, distribution, etc. London
Name of publisher, distributor, etc. DTC
Date of publication, distribution, etc. 1979
300 ## - PHYSICAL DESCRIPTION
Extent 71p. 30cm
350 ## - PRICE (NR) (BK AM CF MU VM SE) [OBSOLETE]
Price 0
520 ## - SUMMARY, ETC.
Summary, etc. Includes Finance, Investors, Legislative controls, sector characteristics (office, retail, industrial, warehousing). Maps and city profiles and comparison tables for Atlanta, Boston, Chicago, Cincinnati, Dallas, Denver, Houston, Kansas, Los Angeles, Miami, Minneapolis, New Orleans, New York, Oklahoma City, Philadelphia, Phoenix, St Louis, San Diego, San Francisco, Seattle, Washington DC.
650 ## - SUBJECT ADDED ENTRY--TOPICAL TERM
Topical term or geographic name entry element UNITED STATES
650 ## - SUBJECT ADDED ENTRY--TOPICAL TERM
Topical term or geographic name entry element COMMERCIAL PROPERTY
942 ## - ADDED ENTRY ELEMENTS (KOHA)
Suppress in OPAC 0
Source of classification or shelving scheme Dewey Decimal Classification
Holdings
Withdrawn status Lost status Source of classification or shelving scheme Damaged status Not for loan Home library Current library Shelving location Date acquired Total Checkouts Full call number Date last seen Price effective from Koha item type
    Dewey Decimal Classification     London London Property market reports 12/09/2023   PROPERTY MARKET 12/09/2023 12/09/2023 Book